Eastern Utah Libraries Catalog: Duchesne, Heber, Roosevelt, & Vernal

All the days of summer (Record no. 384576)

MARC details
000 -LEADER
fixed length control field 02011cim a2200469 i 4500
001 - CONTROL NUMBER
control field sky308224519
003 - CONTROL NUMBER IDENTIFIER
control field SKY
005 - DATE AND TIME OF LATEST TRANSACTION
control field 20230523193210.0
007 - PHYSICAL DESCRIPTION FIXED FIELD--GENERAL INFORMATION
fixed length control field sd fsngnnmmned
008 - FIXED-LENGTH DATA ELEMENTS--GENERAL INFORMATION
fixed length control field 230223t20232023miunnnn f n eng d
010 ## - LIBRARY OF CONGRESS CONTROL NUMBER
LC control number bl2023014310
020 ## - INTERNATIONAL STANDARD BOOK NUMBER
International Standard Book Number 9781713614531
Qualifying information (sound recording)
020 ## - INTERNATIONAL STANDARD BOOK NUMBER
International Standard Book Number 1713614537
Qualifying information (sound recording)
028 42 - PUBLISHER NUMBER
Publisher number 15379958
037 ## - SOURCE OF ACQUISITION
Stock number 10gxw3
Source of stock number/acquisition Blackstone Publishing
037 ## - SOURCE OF ACQUISITION
Stock number 30gxw3
Source of stock number/acquisition Blackstone Publishing
040 ## - CATALOGING SOURCE
Original cataloging agency SOM
Language of cataloging eng
Description conventions rda
Transcribing agency SOM
Modifying agency TOH
-- TEF
-- OCLCF
-- TEFMT
-- BLACP
-- GP5
-- SKYRV
043 ## - GEOGRAPHIC AREA CODE
Geographic area code n-us-ma
050 #4 - LIBRARY OF CONGRESS CALL NUMBER
Classification number PS3570.H3475
Item number A78 2023ab
082 04 - DEWEY DECIMAL CLASSIFICATION NUMBER
Classification number 813/.54
092 ## - LOCALLY ASSIGNED DEWEY CALL NUMBER (OCLC)
Classification number Audiobook
Item number Thayer
100 1# - MAIN ENTRY--PERSONAL NAME
Personal name Thayer, Nancy,
Dates associated with a name 1943-
Relator term author.
9 (RLIN) 9487
245 10 - TITLE STATEMENT
Title All the days of summer
Medium [compact disc] /
Statement of responsibility, etc Nancy Thayer.
250 ## - EDITION STATEMENT
Edition statement Unabridged.
264 #1 - Production, Publication, Distribution, Manufacture, and Copyright Notice.
Place of production, publication, distribution, manufacture [Grand Haven, Michigan] :
Name of producer, publisher, distributor, manufacturer Brilliance Audio, Inc.,
Date of production, publication, distribution, manufacture, or copyr 2023.
264 #4 - Production, Publication, Distribution, Manufacture, and Copyright Notice.
Date of production, publication, distribution, manufacture, or copyr ℗2023.
300 ## - PHYSICAL DESCRIPTION
Extent 10 audio discs (12 hr., 45 min.) :
Other physical details stereo ;
Dimensions 4 3/4 in.
336 ## - Content Type
Content type term spoken word
337 ## - Media type
Media type term audio
338 ## - Carrier type
Carrier type term audio disc
511 0# - PARTICIPANT OR PERFORMER NOTE
Participant or performer note Performed by Cassandra Campbell.
520 ## - SUMMARY, ETC.
Summary, etc Heather Willette has a good life in Concord, Massachusetts-complete with a husband who runs his own business and a son to take up his mantle one day. But now that her marriage has fizzled out and Ross, her only child, is graduating from college and getting serious with his girlfriend, Heather wonders if that life is the one she really wants. Ready to seek out her own happiness and discover herself again, Heather decides to leave her husband and rent a cottage on Nantucket.
538 ## - SYSTEM DETAILS NOTE
System details note Compact discs.
650 #0 - SUBJECT ADDED ENTRY--TOPICAL TERM
Topical term or geographic name as entry element Families
Form subdivision Fiction.
9 (RLIN) 5674501
650 #0 - SUBJECT ADDED ENTRY--TOPICAL TERM
Topical term or geographic name as entry element Summer
Form subdivision Fiction.
9 (RLIN) 5684846
651 #0 - SUBJECT ADDED ENTRY--GEOGRAPHIC NAME
Geographic name Nantucket Island (Mass.)
Form subdivision Fiction.
9 (RLIN) 5674366
655 #7 - INDEX TERM--GENRE/FORM
Genre/form data or focus term Domestic fiction.
Source of term lcgft.
655 #7 - INDEX TERM--GENRE/FORM
Genre/form data or focus term Audiobooks.
Source of term lcgft.
700 1# - ADDED ENTRY--PERSONAL NAME
Personal name Campbell, Cassandra,
Relator term narrator.
9 (RLIN) 71281
907 ## - LOCAL DATA ELEMENT G, LDG (RLIN)
a .b474361445
942 ## - ADDED ENTRY ELEMENTS (KOHA)
Source of classification or shelving scheme Dewey Decimal Classification
Koha item type Audiobook on CD
Holdings
Withdrawn status Lost status Source of classification or shelving scheme Damaged status Not for loan Collection code Home library Current library Shelving location Date acquired Source of acquisition Total Checkouts Total Renewals Full call number Barcode Date last seen Date checked out Cost, replacement price Price effective from Koha item type
    Dewey Decimal Classification     Audiobooks Wasatch County Library Wasatch County Library Second Floor 05/23/2023 Micromarketing 1 2 CD Thayer 34301002043901 03/07/2024 12/12/2023 37.99 05/23/2023 Audiobook on CD
This project was made possible through a grant from the Institute of Museum and Library Service administered by the Utah State Library Division.

Wasatch County Library

  • 465 East 1200 South, Heber City, Utah 84032
  • Phone 435-654-1511 | Fax 435-654-6456

Hours

  • Monday - Friday 9:30 AM - 8:00 PM
  • Saturday 9:30 AM - 1:30 PM
  • Closed Sundays and Holidays